| 000 | 01718cam a2200361 a 4500 | ||
|---|---|---|---|
| 001 | 15795210 | ||
| 003 | OSt | ||
| 005 | 20260702095738.0 | ||
| 008 | 090629s2009 nju b 001 0 eng | ||
| 010 | _a 2009026097 | ||
| 020 |
_a9781596381414 _qpbk. |
||
| 035 | _a15795210 | ||
| 040 |
_aDLC _cDLC _dDLC |
||
| 050 | 0 | 0 |
_aBX9425 _b.V36 2009 |
| 082 | 0 | 0 |
_a262/.042 _222 |
| 100 | 1 |
_aVan Dam, Cornelis, _d1946- |
|
| 245 | 1 | 4 |
_aThe elder : _btoday's ministry rooted in all of Scripture / _cCornelis Van Dam. |
| 260 |
_aPhillipsburg, N.J. : _bP&R Pub., _cc2009. |
||
| 300 |
_axiii, 283 p. ; _c23 cm. |
||
| 336 |
_atext _btxt _2rdacontent |
||
| 337 |
_aunmediated _bn _2rdamedia |
||
| 338 |
_avolume _bnc _2rdacarrier |
||
| 490 | 0 | _aExplorations in biblical theology | |
| 504 | _aIncludes bibliographical references and indexes. | ||
| 505 | 0 | _aAn overview of the office -- The shepherd and his flock -- A bearded head -- Elders as leaders in the Old Testament -- Elders as judges in the Old Testament -- The Christian congregation inherits the office -- Elders and the keys of the Kingdom -- Ruling and having authority -- Disciplining for life -- Two current issues : women and term eldership -- The privilege of the eldership. | |
| 583 |
_aCataloguing: _c20260702 _kgtanuigtanui |
||
| 650 | 0 |
_aElders (Church officers) _xReformed Church. |
|
| 650 | 0 |
_aElders (Church officers) _xBiblical teaching. |
|
| 906 |
_a7 _bcbc _corignew _d1 _eecip _f20 _gy-gencatlg |
||
| 942 |
_2lcc _cBK |
||
| 999 |
_c21746 _d21745 |
||